Divisions of Myanmar - Statistics

General Stats
  • This quiz has been taken 6 times
  • The average score is 12 of 21
Answer Stats
Type of Division Division % Correct
Union Territory Naypyidaw
80%
State Shan
80%
Self-Administered Division Wa
80%
Region Yangon
80%
Region Ayeyarwady
60%
Region Bago
60%
State Chin
60%
State Kachin
60%
State Kayah
60%
State Kayin
60%
Region Magway
60%
Region Mandalay
60%
State Mon
60%
State Rakhine
60%
Region Sagaing
60%
Region Tanintharyi
60%
Self-Administered Zone Danu
40%
Self-Administered Zone Pa'O
40%
Self-Administered Zone Naga
20%
Self-Administered Zone Pa-Luang
20%
Self-Administered Zone Kokang
0%
No matching quizzes found
Score Distribution
Percent of People with Each Score
Percentile by Number Answered
Your Score History
You have not taken this quiz